Central Library OPAC University of Rajshahi

The marvels of nature in earth, in sky, and sea. (Record no. 26851)

MARC details
000 -LEADER
fixed length control field 00779nam a22002653 4500
001 - CONTROL NUMBER
control field 26851
003 - CONTROL NUMBER IDENTIFIER
rucl marc code BD-RJUL
005 - DATE AND TIME OF LATEST TRANSACTION
control field 20211209051057.0
008 - FIXED-LENGTH DATA ELEMENTS--GENERAL INFORMATION
fixed length control field 140323s1880 enk 000 0
035 ## - SYSTEM CONTROL NUMBER
System control number (OCoLC)8835570
System control number CD-0000592491
040 ## - CATALOGING SOURCE
Original cataloging agency BD-RjUL
Language of cataloging eng
Transcribing agency BD-RjUL
041 ## - LANGUAGE CODE
Language code of text/sound track or separate title eng
082 ## - DEWEY DECIMAL CLASSIFICATION NUMBER
Classification number 551
Author mark and year MAR 1888
110 2# - MAIN ENTRY--CORPORATE NAME
Corporate name or jurisdiction name as entry element Marvels.
9 (RLIN) 82531
245 14 - TITLE STATEMENT
Title The marvels of nature in earth, in sky, and sea.
260 ## - PUBLICATION, DISTRIBUTION, ETC. (IMPRINT)
Place of publication, distribution, etc. London :
Date of publication, distribution, etc. 1880
Name of publisher, distributor, etc. ward, lock,
300 ## - PHYSICAL DESCRIPTION
Pagination 333 p. ;
Size 14 cm.
490 1# - SERIES STATEMENT
Series statement Family gift ser.
690 00 - LOCAL SUBJECT ADDED ENTRY--TOPICAL TERM (OCLC, RLIN)
Topical term or geographic name as entry element Physics
752 ## - ADDED ENTRY--HIERARCHICAL PLACE NAME
Country or larger entity England
City London
830 #0 - SERIES ADDED ENTRY--UNIFORM TITLE
Uniform title Family gift ser.
856 41 - ELECTRONIC LOCATION AND ACCESS
Materials specified Bodleian Library (OC) 198 g.128
Uniform Resource Identifier <a href="http://purl.ox.ac.uk/uuid/a896b3213d09465f8b804cdd17e781c2">http://purl.ox.ac.uk/uuid/a896b3213d09465f8b804cdd17e781c2</a>
942 ## - ADDED ENTRY ELEMENTS (KOHA)
Source of classification or shelving scheme Dewey Decimal Classification
Koha item type Books
Holdings
Lost status Source of classification or shelving scheme Damaged status Not for loan Collection code Permanent Location Current Location Shelving location Date acquired Total Checkouts Full call number Date last seen Copy number Koha item type
  Dewey Decimal Classification   Added to bundle Non-fiction Central Library, University of Rajshahi Central Library, University of Rajshahi Reading Room 23/03/2014   551 MAR 1888 23/03/2014 C-1 Books